000 00618nam a22001937a 4500
003 AM-YeHGA
040 _aAM-YeHGA
090 _c453713
005 20250617160324.0
008 200911s ||||| |||| 00| 0 rus d
041 0 _arus
100 1 _aСажин, Петр Александрович.
245 1 0 _aКапитан Кирибеев :
_bПовесть /
_cПетр Сажин
260 _aКалуга :
_bКн. изд-во,
_c1960.
300 _a264 с. :
_bил.
653 0 _aКитобойный промысел (х. л.)
653 0 _aСемья в СССР (х. л.)
942 _2udc
_cBK
999 _c450780
_d450780